000 00621nam a2200241Ia 4500
003 OSt
005 20220924144116.0
006 a|||||r|||| 00| 0
007 ta
008 220923b |||||||| |||| 00| 0 urd d
020 _c33.50
024 _a312020
037 _cTextual
040 _aARTS
_cARTS
_burd
041 _2urd
_aurd
082 _aO168,1L28x, L7.4
100 _aFaieq Kalb Ali Khan
245 0 _aUrdu ka classki adab
_b Kulliyat-e-Meer
260 _c1977
650 _aURDU POETRY
942 _hO168,1L28x, L7.4
_cTEXL
_2CC
999 _c456125
_d456125